000 00821nam a2200217 a 4500
008 090218s2008 ||||||||||||||||| || u
020 _a9789290451938
050 _aUNIDIR(08)
100 _aThornton, Ashley
245 1 4 _aThe value of diversity in multilateral disarmament work
_cby John Borrie and Ashley Thornton
260 _aGeneva:
_bUNITED NATIONS
_c2008
300 _axii, 85p.
350 _a0.00
362 1 _a<p>UNIDIR/2008/16, Vol. 4</p>
490 _aDisarmament as Humanitarian Action
490 _vVol. 4
650 _aDISARMAMENT AND SECURITY
700 _aBorrie, John
710 _aUnited Nations Institute for Disarmament Research (UNIDIR)
995 _FCBU-MAIN LIBRARY (Kitwe)
_I0.00
_M1
_UAVAILABLE
_WMar 14, 2013
_ZInternational Publications
999 _c61221
_d61221